000 00607nam a2200193Ia 4500
003 GCL
005 20240530105319.0
008 140319s9999 xx 000 0 ara d
040 _aGCL /
_cGCL
082 0 4 _a953
_bج ت
100 1 _aجرجى زيدان
245 1 0 _aتاريخ التمدن الاسلامى /
_cجرجى زيدان
260 _aبيروت :
_bمنشورات دار مكتبة الحياه
300 _a3 ج ؛
_c24 سم
650 0 4 _aالثقافة الاسلامية
650 0 4 _aالتاريخ الاسلامى
650 0 4 _aالحضارة الاسلامية
942 _2ddc
_cBK
999 _c54828
_d54828